000 00948nam a2200241Ia 4500
003 OSt
005 20220923220042.0
006 a|||||r|||| 00| 0
007 ta
008 220922b |||||||| |||| 00| 0 hin d
024 _a183,857
037 _cTextual
040 _aARTS
_cARTS
_bhin
041 _2hin
_ahin
082 _aY:6:f, 152N9-;2
100 _aकारचेदी, गगलील्मो; मिश्र, कृष्णकांत, अनु.
_9163983
245 0 _aवर्ग विश्लेषण और सामाजिक अनुसंधान
246 _aVarga vishleṣhaṇ aur sāmājik anusandhāna
260 _aदिल्ली
_b ग्रंथ शिल्पी
_c1999
300 _a325 पृ.
_ccm.
942 _hY:6:f, 152N9-;2
_cTEXL
_2CC
999 _c337174
_d337174